[Event "DEM U16w 2024"]
[Site "Willingen GER"]
[Date "2024.05.20"]
[Round "3"]
[White "Lorenz, Veronika"]
[Black "Bräutigam, Katerina"]
[Result "1/2-1/2"]
[Termination "normal"]
[Board "2"]
[WhiteElo "1858"]
[BlackElo "1988"]
[WhiteClock "00:01:36"]
[BlackClock "00:00:56"]
[PlyCount "150"]
[WhiteFideId "16277406"]
[BlackFideId "16242980"]
[EventCountry "GER"]
[EventRounds "9"]
[EventType "swiss"]
[EventDate "2024.05.18"]

1. e4 {[%clk 01:30:59]} {[%emt 00:00:01]} e5 {[%clk 01:30:56]} {[%emt
00:00:05]} 2. Nf3 {[%clk 01:31:25]} {[%emt 00:00:03]} Nc6 {[%clk 01:31:22]}
{[%emt 00:00:04]} 3. Bb5 {[%clk 01:31:50]} {[%emt 00:00:06]} Nge7 {[%clk
01:31:46]} {[%emt 00:00:05]} 4. O-O {[%clk 01:29:13]} {[%emt 00:03:07]} Ng6
{[%clk 01:32:03]} {[%emt 00:00:13]} 5. c3 {[%clk 01:15:33]} {[%emt 00:14:10]}
a6 {[%clk 01:32:10]} {[%emt 00:00:23]} 6. Ba4 {[%clk 01:15:04]} {[%emt
00:00:59]} d5 {[%clk 01:31:35]} {[%emt 00:01:06]} 7. d3 {[%clk 01:07:36]}
{[%emt 00:07:58]} Bg4 {[%clk 01:25:30]} {[%emt 00:06:34]} 8. h3 {[%clk
01:07:13]} {[%emt 00:00:52]} dxe4 {[%clk 01:05:41]} {[%emt 00:20:19]} 9. hxg4
{[%clk 01:05:16]} {[%emt 00:02:27]} exf3 {[%clk 01:05:12]} {[%emt 00:00:59]}
10. Qxf3 {[%clk 01:03:13]} {[%emt 00:02:34]} Qd7 {[%clk 00:58:41]} {[%emt
00:07:00]} 11. Bxc6 {[%clk 00:56:50]} {[%emt 00:06:53]} bxc6 {[%clk 00:51:59]}
{[%emt 00:07:12]} 12. d4 {[%clk 00:50:23]} {[%emt 00:06:58]} Bd6 {[%clk
00:39:20]} {[%emt 00:13:09]} 13. Be3 {[%clk 00:49:08]} {[%emt 00:01:45]} O-O
{[%clk 00:30:50]} {[%emt 00:09:00]} 14. Nd2 {[%clk 00:44:35]} {[%emt 00:05:03]}
f5 {[%clk 00:27:38]} {[%emt 00:03:42]} 15. gxf5 {[%clk 00:44:28]} {[%emt
00:00:37]} Rxf5 {[%clk 00:25:50]} {[%emt 00:02:18]} 16. Qh3 {[%clk 00:44:29]}
{[%emt 00:00:27]} Nf4 {[%clk 00:17:44]} {[%emt 00:08:37]} 17. Bxf4 {[%clk
00:41:49]} {[%emt 00:03:10]} exf4 {[%clk 00:17:45]} {[%emt 00:00:29]} 18. Nf3
{[%clk 00:39:17]} {[%emt 00:03:02]} Qf7 {[%clk 00:15:15]} {[%emt 00:03:00]} 19.
Rfe1 {[%clk 00:39:42]} {[%emt 00:00:06]} Kh8 {[%clk 00:08:52]} {[%emt
00:06:52]} 20. Ne5 {[%clk 00:37:02]} {[%emt 00:03:10]} Qf6 {[%clk 00:05:46]}
{[%emt 00:03:36]} 21. Rad1 {[%clk 00:30:13]} {[%emt 00:07:18]} Rg8 {[%clk
00:02:05]} {[%emt 00:04:12]} 22. Ng4 {[%clk 00:16:14]} {[%emt 00:14:28]} Qg6
{[%clk 00:01:24]} {[%emt 00:01:13]} 23. Ne5 {[%clk 00:16:41]} {[%emt 00:00:03]}
Qg5 {[%clk 00:01:26]} {[%emt 00:00:27]} 24. Nf3 {[%clk 00:15:22]} {[%emt
00:01:49]} Qf6 {[%clk 00:01:38]} {[%emt 00:00:19]} 25. c4 {[%clk 00:08:48]}
{[%emt 00:07:04]} g5 {[%clk 00:00:53]} {[%emt 00:01:14]} 26. Ne5 {[%clk
00:08:24]} {[%emt 00:00:55]} f3 {[%clk 00:00:36]} {[%emt 00:00:47]} 27. g4
{[%clk 00:01:37]} {[%emt 00:07:16]} Rf4 {[%clk 00:00:46]} {[%emt 00:00:21]} 28.
Re3 {[%clk 00:00:38]} {[%emt 00:01:29]} Bxe5 {[%clk 00:00:44]} {[%emt
00:00:32]} 29. dxe5 {[%clk 00:01:05]} {[%emt 00:00:03]} Qe6 {[%clk 00:00:57]}
{[%emt 00:00:16]} 30. Rxf3 {[%clk 00:00:39]} {[%emt 00:00:56]} Rxg4+ {[%clk
00:00:34]} {[%emt 00:00:53]} 31. Kf1 {[%clk 00:01:08]} {[%emt 00:00:01]} Qxc4+
{[%clk 00:00:46]} {[%emt 00:00:19]} 32. Rfd3 {[%clk 00:01:12]} {[%emt
00:00:25]} Rh4 {[%clk 00:00:32]} {[%emt 00:00:44]} 33. Qf3 {[%clk 00:01:16]}
{[%emt 00:00:25]} Rh6 {[%clk 00:00:37]} {[%emt 00:00:27]} 34. Ke1 {[%clk
00:00:39]} {[%emt 00:01:06]} g4 {[%clk 00:00:42]} {[%emt 00:00:25]} 35. Qg2
{[%clk 00:00:43]} {[%emt 00:00:25]} Re6 {[%clk 00:00:37]} {[%emt 00:00:36]} 36.
Qg3 {[%clk 00:00:34]} {[%emt 00:00:39]} Qb4+ {[%clk 00:00:34]} {[%emt
00:00:34]} 37. R1d2 {[%clk 00:01:01]} {[%emt 00:00:03]} Rge8 {[%clk 00:00:36]}
{[%emt 00:00:28]} 38. Re3 {[%clk 00:00:58]} {[%emt 00:00:33]} Rd8 {[%clk
00:00:38]} {[%emt 00:00:28]} 39. Ree2 {[%clk 00:00:58]} {[%emt 00:00:29]} Rd5
{[%clk 00:00:36]} {[%emt 00:00:33]} 40. Qh4 {[%clk 00:00:34]} {[%emt 00:00:53]}
Rdxe5 {[%clk 00:00:32]} {[%emt 00:00:35]} 41. Kf1 {[%clk 00:22:56]} {[%emt
00:08:07]} Rxe2 {[%clk 00:08:16]} {[%emt 00:22:47]} 42. Rd8+ {[%clk 00:13:22]}
{[%emt 00:10:04]} Kg7 {[%clk 00:07:34]} {[%emt 00:01:11]} 43. Qg5+ {[%clk
00:13:23]} {[%emt 00:00:29]} Rg6 {[%clk 00:01:59]} {[%emt 00:06:05]} 44. Rd7+
{[%clk 00:13:26]} {[%emt 00:00:27]} Kg8 {[%clk 00:00:35]} {[%emt 00:01:54]} 45.
Rd8+ {[%clk 00:09:38]} {[%emt 00:04:17]} Kg7 {[%clk 00:00:35]} {[%emt
00:00:31]} 46. Rd7+ {[%clk 00:09:52]} {[%emt 00:00:16]} Re7 {[%clk 00:00:34]}
{[%emt 00:00:32]} 47. Qxe7+ {[%clk 00:03:51]} {[%emt 00:06:31]} Qxe7 {[%clk
00:00:58]} {[%emt 00:00:05]} 48. Rxe7+ {[%clk 00:04:20]} {[%emt 00:00:01]} Kh6
{[%clk 00:01:13]} {[%emt 00:00:14]} 49. Rxc7 {[%clk 00:04:47]} {[%emt
00:00:04]} a5 {[%clk 00:00:35]} {[%emt 00:01:09]} 50. Kg2 {[%clk 00:04:35]}
{[%emt 00:00:42]} Rf6 {[%clk 00:00:33]} {[%emt 00:00:32]} 51. Kg3 {[%clk
00:04:45]} {[%emt 00:00:18]} Rf3+ {[%clk 00:00:32]} {[%emt 00:00:33]} 52. Kxg4
{[%clk 00:05:04]} {[%emt 00:00:10]} Rxf2 {[%clk 00:00:54]} {[%emt 00:00:08]}
53. Rxc6+ {[%clk 00:05:32]} {[%emt 00:00:02]} Kg7 {[%clk 00:01:10]} {[%emt
00:00:14]} 54. Ra6 {[%clk 00:04:57]} {[%emt 00:01:05]} Rxb2 {[%clk 00:01:30]}
{[%emt 00:00:10]} 55. Rxa5 {[%clk 00:05:24]} {[%emt 00:00:03]} Rb4+ {[%clk
00:01:26]} {[%emt 00:00:34]} 56. Kh5 {[%clk 00:05:27]} {[%emt 00:00:26]} Rb1
{[%clk 00:01:24]} {[%emt 00:00:33]} 57. Ra7+ {[%clk 00:05:15]} {[%emt
00:00:42]} Kf6 {[%clk 00:01:40]} {[%emt 00:00:14]} 58. a4 {[%clk 00:02:05]}
{[%emt 00:03:41]} Rh1+ {[%clk 00:01:23]} {[%emt 00:00:47]} 59. Kg4 {[%clk
00:02:34]} {[%emt 00:00:01]} h5+ {[%clk 00:00:53]} {[%emt 00:00:59]} 60. Kf3
{[%clk 00:01:46]} {[%emt 00:01:18]} Ra1 {[%clk 00:00:42]} {[%emt 00:00:41]} 61.
a5 {[%clk 00:02:10]} {[%emt 00:00:05]} Kg5 {[%clk 00:00:35]} {[%emt 00:00:38]}
62. a6 {[%clk 00:01:58]} {[%emt 00:00:42]} Kh4 {[%clk 00:00:41]} {[%emt
00:00:24]} 63. Ra8 {[%clk 00:01:53]} {[%emt 00:00:34]} Kh3 {[%clk 00:00:40]}
{[%emt 00:00:32]} 64. a7 {[%clk 00:02:21]} {[%emt 00:00:03]} h4 {[%clk
00:00:59]} {[%emt 00:00:11]} 65. Kf2 {[%clk 00:02:32]} {[%emt 00:00:18]} Ra3
{[%clk 00:00:47]} {[%emt 00:00:42]} 66. Kg1 {[%clk 00:02:28]} {[%emt 00:00:34]}
Ra2 {[%clk 00:00:42]} {[%emt 00:00:35]} 67. Kf1 {[%clk 00:02:39]} {[%emt
00:00:19]} Ra6 {[%clk 00:00:39]} {[%emt 00:00:33]} 68. Kf2 {[%clk 00:02:36]}
{[%emt 00:00:32]} Rf6+ {[%clk 00:00:38]} {[%emt 00:00:33]} 69. Ke3 {[%clk
00:02:38]} {[%emt 00:00:27]} Re6+ {[%clk 00:00:33]} {[%emt 00:00:35]} 70. Kf2
{[%clk 00:02:28]} {[%emt 00:00:40]} Re7 {[%clk 00:00:35]} {[%emt 00:00:28]} 71.
Kf3 {[%clk 00:01:54]} {[%emt 00:00:59]} Rg7 {[%clk 00:00:45]} {[%emt 00:00:25]}
72. Kf4 {[%clk 00:01:23]} {[%emt 00:01:01]} Kg2 {[%clk 00:00:36]} {[%emt
00:00:39]} 73. Rh8 {[%clk 00:01:18]} {[%emt 00:00:35]} Rf7+ {[%clk 00:00:38]}
{[%emt 00:00:29]} 74. Kg5 {[%clk 00:01:24]} {[%emt 00:00:20]} Rxa7 {[%clk
00:00:42]} {[%emt 00:00:29]} 75. Rxh4 {[%clk 00:01:36]} {[%emt 00:00:18]} Ra5+
{[%clk 00:00:56]} {[%emt 00:00:16]} 1/2-1/2

[Event "DEM U16w 2024"]
[Site "Willingen GER"]
[Date "2024.05.20"]
[Round "3"]
[White "Müller, Riyanna"]
[Black "Jacobasch, Ronja"]
[Result "1/2-1/2"]
[Termination "normal"]
[Board "3"]
[WhiteElo "1902"]
[BlackElo "1813"]
[WhiteClock "00:02:08"]
[BlackClock "00:02:52"]
[PlyCount "73"]
[WhiteFideId "16287401"]
[BlackFideId "34604340"]
[EventCountry "GER"]
[EventRounds "9"]
[EventType "swiss"]
[EventDate "2024.05.18"]

1. e4 {[%clk 01:30:58]} {[%emt 00:00:02]} c5 {[%clk 01:30:55]} {[%emt
00:00:05]} 2. Nf3 {[%clk 01:30:55]} {[%emt 00:00:33]} d6 {[%clk 01:30:12]}
{[%emt 00:01:13]} 3. c3 {[%clk 01:30:01]} {[%emt 00:01:24]} Nf6 {[%clk
01:29:32]} {[%emt 00:01:10]} 4. Bd3 {[%clk 01:29:45]} {[%emt 00:00:46]} g6
{[%clk 01:28:09]} {[%emt 00:01:53]} 5. O-O {[%clk 01:29:08]} {[%emt 00:01:07]}
Bg7 {[%clk 01:27:57]} {[%emt 00:00:42]} 6. Bc2 {[%clk 01:28:24]} {[%emt
00:01:14]} O-O {[%clk 01:26:30]} {[%emt 00:01:57]} 7. d4 {[%clk 01:27:08]}
{[%emt 00:01:46]} cxd4 {[%clk 01:20:09]} {[%emt 00:06:52]} 8. cxd4 {[%clk
01:27:32]} {[%emt 00:00:06]} Nc6 {[%clk 01:17:07]} {[%emt 00:03:31]} 9. Nc3
{[%clk 01:25:39]} {[%emt 00:02:23]} Bg4 {[%clk 01:13:40]} {[%emt 00:03:57]} 10.
Be3 {[%clk 01:23:47]} {[%emt 00:02:22]} Qd7 {[%clk 01:07:20]} {[%emt 00:06:50]}
11. h3 {[%clk 01:22:58]} {[%emt 00:01:19]} Bxf3 {[%clk 01:07:30]} {[%emt
00:00:20]} 12. Qxf3 {[%clk 01:23:21]} {[%emt 00:00:07]} Rac8 {[%clk 01:02:28]}
{[%emt 00:05:32]} 13. Rfd1 {[%clk 01:20:20]} {[%emt 00:03:29]} Qc7 {[%clk
00:59:28]} {[%emt 00:03:32]} 14. Rac1 {[%clk 01:18:31]} {[%emt 00:02:19]} a6
{[%clk 00:52:27]} {[%emt 00:07:31]} 15. Bb3 {[%clk 01:07:35]} {[%emt 00:11:26]}
b5 {[%clk 00:45:17]} {[%emt 00:07:40]} 16. Nd5 {[%clk 00:52:43]} {[%emt
00:15:22]} Qd8 {[%clk 00:31:32]} {[%emt 00:14:15]} 17. Nxf6+ {[%clk 00:48:20]}
{[%emt 00:04:53]} exf6 {[%clk 00:31:18]} {[%emt 00:00:43]} 18. Qg3 {[%clk
00:23:41]} {[%emt 00:25:09]} Qe7 {[%clk 00:25:36]} {[%emt 00:06:13]} 19. Bc2
{[%clk 00:19:39]} {[%emt 00:04:32]} Rfd8 {[%clk 00:20:14]} {[%emt 00:05:52]}
20. Bd3 {[%clk 00:14:56]} {[%emt 00:05:13]} d5 {[%clk 00:16:21]} {[%emt
00:04:23]} 21. exd5 {[%clk 00:14:26]} {[%emt 00:01:00]} Rxd5 {[%clk 00:14:13]}
{[%emt 00:02:38]} 22. Qf3 {[%clk 00:14:29]} {[%emt 00:00:27]} Qd7 {[%clk
00:13:42]} {[%emt 00:01:01]} 23. Be4 {[%clk 00:14:33]} {[%emt 00:00:25]} Rd6
{[%clk 00:13:24]} {[%emt 00:00:48]} 24. Bxc6 {[%clk 00:09:07]} {[%emt
00:05:56]} Rdxc6 {[%clk 00:12:17]} {[%emt 00:01:38]} 25. Rxc6 {[%clk 00:09:31]}
{[%emt 00:00:06]} Rxc6 {[%clk 00:11:30]} {[%emt 00:01:17]} 26. b3 {[%clk
00:08:49]} {[%emt 00:01:11]} f5 {[%clk 00:08:56]} {[%emt 00:03:04]} 27. d5
{[%clk 00:06:07]} {[%emt 00:03:13]} Rc3 {[%clk 00:07:16]} {[%emt 00:02:10]} 28.
Qf4 {[%clk 00:05:46]} {[%emt 00:00:51]} f6 {[%clk 00:04:45]} {[%emt 00:03:01]}
29. Qb8+ {[%clk 00:05:31]} {[%emt 00:00:45]} Rc8 {[%clk 00:04:58]} {[%emt
00:00:18]} 30. Qb6 {[%clk 00:05:53]} {[%emt 00:00:06]} Ra8 {[%clk 00:03:58]}
{[%emt 00:01:31]} 31. d6 {[%clk 00:05:07]} {[%emt 00:01:16]} Bf8 {[%clk
00:03:15]} {[%emt 00:01:12]} 32. Qc7 {[%clk 00:05:13]} {[%emt 00:00:24]} Rd8
{[%clk 00:03:06]} {[%emt 00:00:40]} 33. Bb6 {[%clk 00:01:56]} {[%emt 00:03:47]}
Qxc7 {[%clk 00:02:55]} {[%emt 00:00:40]} 34. Bxc7 {[%clk 00:02:23]} {[%emt
00:00:04]} Rd7 {[%clk 00:03:17]} {[%emt 00:00:07]} 35. Kf1 {[%clk 00:02:04]}
{[%emt 00:00:50]} Kf7 {[%clk 00:03:28]} {[%emt 00:00:19]} 36. Rd3 {[%clk
00:02:07]} {[%emt 00:00:26]} Ke6 {[%clk 00:02:52]} {[%emt 00:01:05]} 37. Re3+
{[%clk 00:02:08]} {[%emt 00:00:30]} 1/2-1/2

[Event "DEM U16w 2024"]
[Site "Willingen GER"]
[Date "2024.05.20"]
[Round "3"]
[White "Reddi, Bhuvana"]
[Black "Bezsonna, Polina"]
[Result "1-0"]
[Termination "normal"]
[Board "4"]
[WhiteElo "1826"]
[BlackElo "1788"]
[WhiteClock "00:02:57"]
[BlackClock "00:00:40"]
[PlyCount "59"]
[WhiteFideId "16287002"]
[BlackFideId "14191156"]
[EventCountry "GER"]
[EventRounds "9"]
[EventType "swiss"]
[EventDate "2024.05.18"]

1. e4 {[%clk 01:30:59]} {[%emt 05:39:30]} c5 {[%clk 01:30:54]} {[%emt
00:00:07]} 2. Nc3 {[%clk 01:31:25]} {[%emt 00:00:03]} Nc6 {[%clk 01:31:15]}
{[%emt 00:00:09]} 3. f4 {[%clk 01:31:48]} {[%emt 00:00:07]} g6 {[%clk
01:31:35]} {[%emt 00:00:10]} 4. Nf3 {[%clk 01:32:11]} {[%emt 00:00:07]} Bg7
{[%clk 01:31:56]} {[%emt 00:00:09]} 5. a4 {[%clk 01:32:34]} {[%emt 00:00:07]}
d6 {[%clk 01:22:52]} {[%emt 00:09:34]} 6. Bb5 {[%clk 01:32:47]} {[%emt
00:00:18]} Bd7 {[%clk 01:22:54]} {[%emt 00:00:28]} 7. O-O {[%clk 01:32:59]}
{[%emt 00:00:17]} Nd4 {[%clk 01:20:27]} {[%emt 00:02:57]} 8. Bxd7+ {[%clk
01:33:10]} {[%emt 00:00:19]} Qxd7 {[%clk 01:20:53]} {[%emt 00:00:04]} 9. d3
{[%clk 01:32:16]} {[%emt 00:01:23]} e6 {[%clk 01:19:47]} {[%emt 00:01:37]} 10.
Ne2 {[%clk 01:26:01]} {[%emt 00:06:45]} Ne7 {[%clk 01:06:20]} {[%emt 00:13:57]}
11. Nexd4 {[%clk 01:25:45]} {[%emt 00:00:47]} cxd4 {[%clk 01:06:36]} {[%emt
00:00:14]} 12. b3 {[%clk 01:04:45]} {[%emt 00:21:30]} O-O {[%clk 00:47:46]}
{[%emt 00:19:19]} 13. Bb2 {[%clk 01:01:40]} {[%emt 00:03:35]} e5 {[%clk
00:42:10]} {[%emt 00:06:06]} 14. Qe1 {[%clk 00:47:50]} {[%emt 00:14:20]} Qc7
{[%clk 00:37:19]} {[%emt 00:05:21]} 15. Rc1 {[%clk 00:47:30]} {[%emt 00:00:49]}
f5 {[%clk 00:24:37]} {[%emt 00:13:12]} 16. Ng5 {[%emt 00:15:30]} Qd7 {[%clk
00:24:28]} {[%emt 00:00:31]} 17. Qb4 {[%clk 00:29:57]} {[%emt 00:03:12]} h6
{[%clk 00:13:43]} {[%emt 00:11:15]} 18. Nh3 {[%clk 00:17:43]} {[%emt 00:12:44]}
fxe4 {[%clk 00:05:33]} {[%emt 00:08:40]} 19. dxe4 {[%clk 00:17:47]} {[%emt
00:00:26]} Nc6 {[%clk 00:02:43]} {[%emt 00:03:20]} 20. Qc4+ {[%clk 00:13:32]}
{[%emt 00:04:45]} Qf7 {[%clk 00:03:09]} {[%emt 00:00:04]} 21. Qe2 {[%emt
00:01:58]} Qe6 {[%clk 00:02:23]} {[%emt 00:00:58]} 22. Ba3 {[%clk 00:12:20]}
{[%emt 00:00:32]} Rf7 {[%clk 00:02:15]} {[%emt 00:00:37]} 23. Rf3 {[%clk
00:10:23]} {[%emt 00:02:27]} d5 {[%clk 00:01:27]} {[%emt 00:01:19]} 24. fxe5
{[%clk 00:06:19]} {[%emt 00:04:33]} Bxe5 {[%clk 00:01:21]} {[%emt 00:00:36]}
25. Rxf7 {[%clk 00:06:27]} {[%emt 00:00:23]} Qxf7 {[%clk 00:01:50]} {[%emt
00:00:01]} 26. Rf1 {[%clk 00:06:24]} {[%emt 00:00:32]} Qe6 {[%clk 00:01:39]}
{[%emt 00:00:42]} 27. Kh1 {[%clk 00:05:33]} {[%emt 00:01:21]} Kg7 {[%clk
00:01:07]} {[%emt 00:01:02]} 28. Qb5 {[%clk 00:05:06]} {[%emt 00:00:57]} Qc8
{[%clk 00:00:34]} {[%emt 00:01:03]} 29. Qxd5 {[%emt 00:02:35]} Bf6 {[%clk
00:00:40]} {[%emt 00:00:22]} 30. Nf4 {[%clk 00:02:57]} {[%emt 00:00:35]} 1-0

[Event "DEM U16w 2024"]
[Site "Willingen GER"]
[Date "2024.05.20"]
[Round "3"]
[White "Stepanjan, Marianne"]
[Black "Wilmink, Anna"]
[Result "0-1"]
[Termination "normal"]
[Board "5"]
[WhiteElo "1769"]
[BlackElo "1903"]
[WhiteClock "00:01:40"]
[BlackClock "00:03:37"]
[PlyCount "78"]
[WhiteFideId "16246110"]
[BlackFideId "16273680"]
[EventCountry "GER"]
[EventRounds "9"]
[EventType "swiss"]
[EventDate "2024.05.18"]

1. e4 {[%clk 01:30:59]} {[%emt 00:00:01]} c5 {[%clk 01:30:55]} {[%emt
00:00:05]} 2. Nf3 {[%clk 01:31:26]} {[%emt 00:00:03]} Nf6 {[%clk 01:31:20]}
{[%emt 00:00:05]} 3. Nc3 {[%clk 01:31:36]} {[%emt 00:00:19]} d5 {[%clk
01:31:45]} {[%emt 00:00:06]} 4. exd5 {[%clk 01:31:29]} {[%emt 00:00:37]} Nxd5
{[%clk 01:32:08]} {[%emt 00:00:07]} 5. Bc4 {[%clk 01:20:22]} {[%emt 00:11:37]}
e6 {[%clk 01:31:38]} {[%emt 00:01:00]} 6. O-O {[%clk 01:20:41]} {[%emt
00:00:11]} Be7 {[%clk 01:30:52]} {[%emt 00:01:16]} 7. d4 {[%clk 01:19:39]}
{[%emt 00:01:33]} Nxc3 {[%clk 01:25:05]} {[%emt 00:06:17]} 8. bxc3 {[%clk
01:19:54]} {[%emt 00:00:13]} O-O {[%clk 01:24:16]} {[%emt 00:01:20]} 9. Bf4
{[%clk 01:15:29]} {[%emt 00:04:54]} Nd7 {[%clk 01:17:49]} {[%emt 00:06:58]} 10.
Qd2 {[%clk 01:04:34]} {[%emt 00:11:24]} Nf6 {[%clk 01:14:36]} {[%emt 00:03:44]}
11. Rfe1 {[%clk 01:00:32]} {[%emt 00:04:31]} b6 {[%clk 01:11:30]} {[%emt
00:03:37]} 12. Ne5 {[%clk 00:57:42]} {[%emt 00:03:19]} Bb7 {[%clk 01:07:54]}
{[%emt 00:04:06]} 13. Nxf7 {[%clk 00:52:22]} {[%emt 00:05:51]} Rxf7 {[%clk
01:07:38]} {[%emt 00:00:46]} 14. Bxe6 {[%clk 00:51:49]} {[%emt 00:01:03]} Bd5
{[%clk 01:05:29]} {[%emt 00:02:39]} 15. Bxf7+ {[%clk 00:49:07]} {[%emt
00:03:12]} Bxf7 {[%clk 01:04:36]} {[%emt 00:01:23]} 16. Re2 {[%clk 00:42:50]}
{[%emt 00:06:47]} Bc4 {[%clk 01:02:45]} {[%emt 00:02:21]} 17. Ree1 {[%clk
00:37:53]} {[%emt 00:05:27]} Nd5 {[%clk 00:59:49]} {[%emt 00:03:25]} 18. Be5
{[%clk 00:27:55]} {[%emt 00:10:28]} Bg5 {[%clk 00:58:42]} {[%emt 00:01:38]} 19.
f4 {[%clk 00:28:12]} {[%emt 00:00:13]} Be7 {[%clk 00:57:50]} {[%emt 00:01:21]}
20. Re4 {[%clk 00:23:24]} {[%emt 00:05:17]} cxd4 {[%clk 00:52:18]} {[%emt
00:06:03]} 21. cxd4 {[%clk 00:23:04]} {[%emt 00:00:50]} Bb4 {[%clk 00:51:39]}
{[%emt 00:01:10]} 22. Qf2 {[%clk 00:21:57]} {[%emt 00:01:36]} Qf8 {[%clk
00:44:14]} {[%emt 00:07:55]} 23. f5 {[%clk 00:18:27]} {[%emt 00:04:00]} Nf6
{[%clk 00:42:05]} {[%emt 00:02:39]} 24. Rh4 {[%clk 00:15:44]} {[%emt 00:03:13]}
Be7 {[%clk 00:38:01]} {[%emt 00:04:34]} 25. Rh3 {[%clk 00:13:56]} {[%emt
00:02:18]} Nd7 {[%clk 00:22:48]} {[%emt 00:15:44]} 26. Qf4 {[%clk 00:10:25]}
{[%emt 00:04:00]} Bf6 {[%clk 00:17:07]} {[%emt 00:06:10]} 27. Bd6 {[%clk
00:06:44]} {[%emt 00:04:12]} Qf7 {[%clk 00:14:55]} {[%emt 00:02:42]} 28. a4
{[%clk 00:06:13]} {[%emt 00:01:02]} Qd5 {[%clk 00:13:21]} {[%emt 00:02:04]} 29.
Rd1 {[%clk 00:05:56]} {[%emt 00:00:46]} Re8 {[%clk 00:12:56]} {[%emt 00:00:55]}
30. Ba3 {[%clk 00:03:19]} {[%emt 00:03:07]} Re2 {[%clk 00:09:10]} {[%emt
00:04:16]} 31. Qf3 {[%clk 00:02:22]} {[%emt 00:01:25]} Qxd4+ {[%clk 00:05:53]}
{[%emt 00:03:49]} 32. Rxd4 {[%clk 00:01:29]} {[%emt 00:01:55]} Bxd4+ {[%clk
00:06:40]} {[%emt 00:00:11]} 33. Kf1 {[%clk 00:01:27]} {[%emt 00:00:22]} Re3+
{[%clk 00:04:00]} {[%emt 00:03:20]} 34. Kf2 {[%clk 00:01:30]} {[%emt 00:00:25]}
Rxa3+ {[%clk 00:04:11]} {[%emt 00:00:21]} 35. Ke1 {[%clk 00:01:47]} {[%emt
00:00:11]} Rxf3 {[%clk 00:03:48]} {[%emt 00:00:55]} 36. Rxf3 {[%clk 00:02:13]}
{[%emt 00:00:05]} Be5 {[%clk 00:03:43]} {[%emt 00:00:34]} 37. h4 {[%clk
00:02:19]} {[%emt 00:00:24]} h5 {[%clk 00:03:25]} {[%emt 00:00:48]} 38. Re3
{[%clk 00:02:15]} {[%emt 00:00:33]} Kf7 {[%clk 00:03:22]} {[%emt 00:00:34]} 39.
Re4 {[%clk 00:01:40]} {[%emt 00:01:05]} Bd5 {[%clk 00:03:37]} {[%emt 00:00:15]}
0-1